000 00827nam a2200253 a 4500
001 1589
003 BR-CuiBMT
005 20231217140137.0
008 231215s2016 paba 000 0 por d
020 _a9788586212857
040 _aBR-CuiBMT
_cBR-CuiBMT
080 _a502.211
_x(811)
_22007
090 _a502.211(811)
_bQ1
245 0 0 _aQuais os planos para proteger as unidades de conservação vulneráveis da Amazônia? /
_cElis Araújo ... [et al.].
260 _aBelém :
_bImazon,
_c2016.
300 _a36 p. :
_bil. color. ;
_c28 cm
504 _aInclui bibliografia.
650 _aDesmatamento
_xPolíticas públicas
_zAmazônia
650 _aExploração madeireira
650 _aUnidades de conservação
_zAmazônia
650 _aTribunal de Contas
700 1 _aAraújo, Elis
_eet al.
_eautores
942 _2udc
_cLV
999 _c1589
_d1589